[Event "2.BLO 1718 SK Weilheim - SC Garching"]
[Site "?"]
[Date "2017.10.23"]
[Round "1.3"]
[White "Renner, Christoph"]
[Black "Bayer, Bernhard"]
[Result "1-0"]
[WhiteElo "2333"]
[BlackElo "2411"]
[PlyCount "75"]
[EventDate "2017.??.??"]

1. e4 e5 2. Nf3 Nc6 3. Bc4 Bc5 4. O-O Nf6 5. d3 d6 6. c3 Qe7 7. b4 Bb6 8. a4 a6
9. Na3 O-O 10. Bb3 Be6 11. Nc4 Ba7 12. Bg5 h6 13. Bh4 Nb8 14. Re1 Nbd7 15. d4
Rfe8 16. h3 Bxc4 17. Bxc4 c6 18. dxe5 dxe5 19. Nh2 g5 20. Bg3 Nf8 21. h4 Ng6
22. hxg5 hxg5 23. Qf3 Kg7 24. Rad1 Rad8 25. Qf5 Nh5 26. Nf1 Ngf4 27. Bxf4 Nxf4
28. Ng3 Qf6 29. a5 Rh8 30. Qxf6+ Kxf6 31. Nf5 Bb8 32. g3 Ng6 33. Kg2 Ne7 34.
Nh6 Rxd1 35. Ng4+ Kg7 36. Rxd1 Nc8 37. Ne3 Kf6 38. Nf5 1-0

[Event "2.BLO 1718 SK Weilheim - SC Garching"]
[Site "?"]
[Date "2017.10.23"]
[Round "1.4"]
[White "Guttenthaler, Franz"]
[Black "Rusche, Johannes"]
[Result "1/2-1/2"]
[WhiteElo "2332"]
[BlackElo "2282"]
[PlyCount "105"]
[EventDate "2017.??.??"]

1. d4 Nf6 2. c4 c5 3. d5 b5 4. cxb5 a6 5. bxa6 g6 6. Nc3 Bg7 7. Nf3 O-O 8. g3
d6 9. Bg2 Nbd7 10. O-O Nb6 11. Nh4 Ne8 12. Qc2 Nc7 13. b3 Nxa6 14. Bb2 c4 15.
Nb5 cxb3 16. axb3 Bxb2 17. Qxb2 Bb7 18. e4 Nd7 19. Qd4 Ndc5 20. Rfd1 Qb6 21.
Bf1 Rfc8 22. b4 Nd7 23. Nf3 Qxd4 24. Nbxd4 Rc3 25. Kg2 Nb6 26. Rdc1 Rxc1 27.
Rxc1 f5 28. exf5 Nxd5 29. b5 Nc5 30. Bc4 Kf8 31. Nc6 Nb6 32. fxg6 hxg6 33. Nfd4
Nxc4 34. Rxc4 e5 35. Nf3 Ra3 36. Nfxe5 Rb3 37. Kh3 Rxb5 38. Rf4+ Ke8 39. Nd4
dxe5 40. Nxb5 exf4 41. Kg4 fxg3 42. fxg3 Kf7 43. Nd6+ Kf6 44. Nxb7 Nxb7 45. h4
Nd8 46. Kf4 Ne6+ 47. Ke4 Ng7 48. Kf4 Nf5 49. Kg4 Ng7 50. Kf4 Nf5 51. Kg4 Ke5
52. Kg5 Ne3 53. Kxg6 1/2-1/2

[Event "2.BLO 1718 SK Weilheim - SC Garching"]
[Site "?"]
[Date "2017.10.23"]
[Round "1.5"]
[White "Bredl, Harald"]
[Black "Deglmann, Ludwig"]
[Result "1/2-1/2"]
[WhiteElo "2324"]
[BlackElo "2294"]
[PlyCount "27"]
[EventDate "2017.??.??"]

1. d4 e6 2. c4 Bb4+ 3. Bd2 c5 4. Bxb4 cxb4 5. Nf3 Nf6 6. Nbd2 O-O 7. e3 b6 8.
Bd3 Bb7 9. O-O d6 10. a3 bxa3 11. Rxa3 Nc6 12. Qa1 Nb4 13. Bb1 a5 14. b3
1/2-1/2

[Event "2.BLO 1718 SK Weilheim - SC Garching"]
[Site "?"]
[Date "2017.10.23"]
[Round "1.6"]
[White "Pierecker, Markus"]
[Black "Koepke, Christian"]
[Result "1-0"]
[WhiteElo "2180"]
[BlackElo "2290"]
[PlyCount "107"]
[EventDate "2017.??.??"]

1. e4 c5 2. Nf3 d6 3. d4 cxd4 4. Nxd4 Nf6 5. Nc3 g6 6. Be3 Bg7 7. f3 O-O 8. Qd2
Nc6 9. O-O-O d5 10. exd5 Nxd5 11. Nxc6 bxc6 12. Bd4 Bxd4 13. Qxd4 Qb6 14. Nxd5
cxd5 15. Qxb6 axb6 16. a3 Rd8 17. Bb5 Ra5 18. a4 e6 19. Rhe1 Bd7 20. Bxd7 Rxd7
21. Rd4 Rc7 22. Rb4 Rc6 23. Kd2 Kf8 24. Ra1 Ke7 25. Ra3 h5 26. Rab3 Ra6 27. Rc3
Kd6 28. Rxc6+ Kxc6 29. Kd3 e5 30. c4 Ra5 31. cxd5+ Rxd5+ 32. Ke3 f5 33. h4 Rc5
34. Kd3 Rd5+ 35. Ke3 Rd1 36. Rb5 e4 37. Rb4 Rh1 38. Rc4+ Kb7 39. fxe4 Rxh4 40.
Rd4 f4+ 41. Kf2 Rg4 42. e5 Kc7 43. e6 Rg5 44. Kf3 Rg3+ 45. Kxf4 Rxg2 46. b4 h4
47. e7 Re2 48. Re4 g5+ 49. Kf3 Rxe4 50. Kxe4 Kd7 51. a5 bxa5 52. bxa5 g4 53.
Kf4 g3 54. Kf3 1-0

[Event "2.BLO 1718 SK Weilheim - SC Garching"]
[Site "?"]
[Date "2017.10.23"]
[Round "1.7"]
[White "Levushkina, Elena"]
[Black "Lochte, Thomas"]
[Result "0-1"]
[WhiteElo "2309"]
[BlackElo "2139"]
[PlyCount "146"]
[EventDate "2017.??.??"]

1. e4 e5 2. Nc3 Nf6 3. g3 d5 4. exd5 Nxd5 5. Bg2 Nxc3 6. bxc3 Bc5 7. d3 O-O 8.
Ne2 Nc6 9. O-O Be6 10. Be3 Bb6 11. c4 Bxe3 12. fxe3 Qg5 13. Qc1 Qh5 14. Nc3 Bh3
15. Bxh3 Qxh3 16. Nd5 Qd7 17. Qb2 Rab8 18. Rf2 b5 19. Qc3 f6 20. e4 b4 21. Qd2
Nd4 22. Raf1 c6 23. Ne3 Ne6 24. Qe2 Ng5 25. Kh1 Qh3 26. Nf5 Rfe8 27. g4 Ne6 28.
Rg1 Nd4 29. Nxd4 exd4 30. g5 fxg5 31. Rxg5 Rf8 32. Rg3 Qh6 33. Rgf3 Qc1+ 34.
Rf1 Qb2 35. Qf2 Rxf3 36. Qxf3 h6 37. Qf7+ Kh8 38. Qxa7 Rg8 39. Qa4 Qc3 40. Qb3
Qd2 41. Qb1 Ra8 42. Rf5 Qe2 43. c5 Ra3 44. Qg1 Qe3 45. Qf1 Kh7 46. Rf3 Qg5 47.
Qb1 Qxc5 48. Rf5 Qe7 49. Kg2 c5 50. Kg1 Qa7 51. Rf2 Rxa2 52. Qb3 Ra1+ 53. Kg2
Qa2 54. Qd5 Qxd5 55. exd5 Ra6 56. Rf5 Kg6 57. Re5 Kf6 58. Re8 Rd6 59. Kf3 Rxd5
60. Ke4 Rh5 61. Rc8 Ke6 62. Re8+ Kd6 63. Rd8+ Kc6 64. Rc8+ Kb7 65. Rg8 Rxh2 66.
Rxg7+ Kb6 67. Kd5 Rxc2 68. Rg6+ Kb5 69. Rxh6 b3 70. Rh8 b2 71. Rb8+ Ka4 72.
Ra8+ Kb3 73. Rb8+ Ka2 0-1

[Event "2.BLO 1718 SK Weilheim - SC Garching"]
[Site "?"]
[Date "2017.10.23"]
[Round "1.8"]
[White "Wiesinger, Robert"]
[Black "Hess, Max"]
[Result "0-1"]
[WhiteElo "2206"]
[BlackElo "2271"]
[PlyCount "74"]
[EventDate "2017.??.??"]

1. e4 c5 2. Nf3 e6 3. d4 cxd4 4. Nxd4 Nc6 5. Nc3 Qc7 6. Be2 Nf6 7. O-O Be7 8.
Be3 O-O 9. f4 d6 10. Bf3 Nxd4 11. Qxd4 e5 12. Qd2 Rd8 13. Nb5 Qb8 14. Qc3 Bd7
15. Qb4 Bf8 16. Qb3 Be6 17. c4 Rc8 18. Rac1 a6 19. Na3 exf4 20. Bxf4 Nd7 21.
Qd3 Ne5 22. Qd4 g6 23. Rfd1 Bg7 24. Qd2 b5 25. cxb5 Rxc1 26. Rxc1 axb5 27. Be2
b4 28. Nb5 Rxa2 29. Qxb4 Rxb2 30. Qxb2 Nf3+ 31. gxf3 Bxb2 32. Bxd6 Qb6+ 33. Bc5
Qd8 34. Rc2 Qg5+ 35. Kh1 Bh3 36. Be7 Qe3 37. Bc5 Qh6 0-1

[Event "2.BLO 1718 SC Erlangen - Nickelhütte A"]
[Site "?"]
[Date "2017.10.23"]
[Round "2.1"]
[White "Papp, Gabor"]
[Black "Wenninger, Philipp"]
[Result "1-0"]
[WhiteElo "2598"]
[BlackElo "2339"]
[PlyCount "169"]
[EventDate "2017.??.??"]

1. c4 c6 2. Nf3 d5 3. g3 Nf6 4. Bg2 Bg4 5. Ne5 Be6 6. cxd5 Bxd5 7. Nf3 c5 8.
Nc3 Bc6 9. O-O e6 10. Qc2 Be7 11. e4 O-O 12. Rd1 Qb6 13. d4 Na6 14. a3 Rfd8 15.
Be3 Rac8 16. d5 exd5 17. exd5 Nxd5 18. Ng5 Nf6 19. Nd5 Bxd5 20. Bxd5 Rxd5 21.
Rxd5 h6 22. Re5 Bd6 23. Nxf7 Kxf7 24. Qc4+ Kf8 25. Re6 Qc7 26. Rxf6+ gxf6 27.
Bxh6+ Ke7 28. Re1+ Kd7 29. Bf4 Be5 30. Qf7+ Kc6 31. Qe6+ Kb5 32. Qb3+ Kc6 33.
Qa4+ Kd6 34. Bxe5+ fxe5 35. Rd1+ Ke7 36. Qh4+ Ke6 37. Qh6+ Ke7 38. h4 Rd8 39.
Qg5+ Ke8 40. Re1 Kd7 41. Qf5+ Kc6 42. Rxe5 Qd7 43. Qe4+ Kb6 44. h5 Nb8 45. b4
Nc6 46. Rxc5 Qh3 47. Rd5 Rxd5 48. Qxd5 Kc7 49. b5 Ne7 50. Qc5+ Kd7 51. Qxa7
Qxh5 52. Qxb7+ Kd6 53. Qb6+ Kd7 54. Qd4+ Nd5 55. a4 Kd6 56. Qd3 Qe5 57. Qa3+
Kd7 58. Qf3 Kd6 59. Qa3+ Kd7 60. Qc5 Qa1+ 61. Kh2 Qh8+ 62. Kg2 Qe5 63. Qc6+ Kd8
64. Qc4 Qe6 65. Qd4 Kc8 66. a5 Nc7 67. Qh8+ Kb7 68. Qh5 Kb8 69. Kh2 Qa2 70.
Qh8+ Kb7 71. a6+ Nxa6 72. bxa6+ Qxa6 73. Qg7+ Kc8 74. Qf8+ Kd7 75. g4 Qc4 76.
Kg3 Qd3+ 77. Qf3 Qd6+ 78. Qf4 Qd3+ 79. Qe3 Qd6+ 80. f4 Qd5 81. g5 Qf5 82. Qd4+
Ke6 83. Qe5+ Qxe5 84. fxe5 Kf5 85. Kh4 1-0

[Event "2.BLO 1718 SC Erlangen - Nickelhütte A"]
[Site "?"]
[Date "2017.10.23"]
[Round "2.2"]
[White "Hilverda, Alexander"]
[Black "Antal, Gergely"]
[Result "1/2-1/2"]
[WhiteElo "2354"]
[BlackElo "2529"]
[PlyCount "124"]
[EventDate "2017.??.??"]

1. d4 f5 2. g3 Nf6 3. Bg2 g6 4. c4 Bg7 5. Nc3 d6 6. Nf3 O-O 7. O-O c6 8. b4 Ne4
9. Bb2 d5 10. Nxe4 dxe4 11. Ne5 Bxe5 12. dxe5 Qxd1 13. Rfxd1 Be6 14. Rac1 Nd7
15. f3 Nb6 16. fxe4 Nxc4 17. Bd4 f4 18. Bc5 fxg3 19. hxg3 Rfe8 20. Bh3 Bxh3 21.
Rxc4 Be6 22. Rc3 a5 23. a3 axb4 24. Bxb4 Kf7 25. Rf3+ Kg7 26. Rc3 g5 27. Kf2 h5
28. Rh1 Kg6 29. Ke3 Ra4 30. Kd4 Rd8+ 31. Ke3 Rd7 32. Rd3 Rc7 33. Bc5 Bg4 34.
Rf1 Ra6 35. Rb1 Kf7 36. Bb6 Rc8 37. Bc5 Ra5 38. Rc3 b5 39. Bb4 Ra6 40. e6+ Bxe6
41. Rc5 Kg6 42. Re5 c5 43. Rxc5 Rxc5 44. Bxc5 Bc4 45. Bxe7 Re6 46. Bc5 h4 47.
gxh4 gxh4 48. Rh1 Kh5 49. Kf3 Rf6+ 50. Ke3 Rf7 51. Bd6 Be6 52. Kd4 h3 53. Rb1
Bd7 54. Rg1 Bg4 55. Ke3 Rd7 56. Bf4 Ra7 57. Bd6 Rd7 58. Bf4 Re7 59. Rb1 Bd7 60.
Rg1 Bc6 61. Rg5+ Kh4 62. Re5 Rxe5 1/2-1/2

[Event "2.BLO 1718 SC Erlangen - Nickelhütte A"]
[Site "?"]
[Date "2017.10.23"]
[Round "2.4"]
[White "Ott, Florian"]
[Black "Slobodjan, Roman"]
[Result "0-1"]
[WhiteElo "2345"]
[BlackElo "2460"]
[PlyCount "62"]
[EventDate "2017.??.??"]

1. d4 d5 2. c4 e6 3. Nc3 Be7 4. cxd5 exd5 5. Bf4 c6 6. e3 Bd6 7. Bxd6 Qxd6 8.
Bd3 Ne7 9. Qb1 b6 10. Nf3 Ba6 11. O-O Bxd3 12. Qxd3 O-O 13. Rab1 Nd7 14. b4 a6
15. a3 a5 16. bxa5 Rxa5 17. Rb2 Nc8 18. Nd2 Ne7 19. Kh1 Rd8 20. Re1 Raa8 21.
Nf1 Qg6 22. Qd1 Nf5 23. f3 Nd6 24. e4 Nc4 25. Rbe2 dxe4 26. fxe4 Nde5 27. Qa1
Nd3 28. Rd1 Rxd4 29. Kg1 Nce5 30. Re3 Qd6 31. Nd5 Raa4 0-1

[Event "2.BLO 1718 SC Erlangen - Nickelhütte A"]
[Site "?"]
[Date "2017.10.23"]
[Round "2.5"]
[White "Spiess, Gunter"]
[Black "Merkert, Maximilian"]
[Result "1/2-1/2"]
[WhiteElo "2435"]
[BlackElo "2254"]
[PlyCount "73"]
[EventDate "2017.??.??"]

1. Nf3 Nc6 2. d4 d6 3. c4 g6 4. d5 Nb8 5. Nc3 Bg7 6. e4 Nf6 7. h3 O-O 8. Bd3
Nbd7 9. Bg5 Nc5 10. Bc2 a5 11. O-O e5 12. Qd2 Bd7 13. b3 Qe8 14. a3 Nh5 15.
Rae1 f5 16. exf5 gxf5 17. b4 Na6 18. Rb1 axb4 19. axb4 b6 20. Rfe1 Qg6 21. g4
h6 22. gxf5 Rxf5 23. Bxf5 Qxf5 24. Bxh6 Qxf3 25. Qg5 Rf8 26. Ne4 Qf5 27. Bxg7
Qxg5+ 28. Nxg5 Kxg7 29. Rb3 Rf4 30. Ra1 Kg6 31. Ne6 Bxe6 32. dxe6 Nb8 33. e7
Nf6 34. Ra8 Nc6 35. e8=Q+ Nxe8 36. Rxe8 Rxc4 37. b5 1/2-1/2

[Event "2.BLO 1718 SC Erlangen - Nickelhütte A"]
[Site "?"]
[Date "2017.10.23"]
[Round "2.6"]
[White "Liepold, Stefan"]
[Black "Londyn, Radek"]
[Result "0-1"]
[WhiteElo "2168"]
[BlackElo "2426"]
[PlyCount "124"]
[EventDate "2017.??.??"]

1. e4 e5 2. Nf3 Nc6 3. Bb5 Nf6 4. O-O Nxe4 5. d4 Nd6 6. Bxc6 dxc6 7. dxe5 Nf5
8. Qxd8+ Kxd8 9. Nc3 Be7 10. h3 Nh4 11. Nxh4 Bxh4 12. Re1 h6 13. b3 Bf5 14. Bb2
Bxc2 15. e6 Ke8 16. Na4 Rg8 17. Nc5 Rc8 18. Rac1 Bf5 19. Rcd1 Bxe6 20. Rd3 Be7
21. Nxe6 fxe6 22. Rde3 Kf7 23. Rxe6 Rce8 24. R6e3 c5 25. Kf1 b5 26. Rf3+ Bf6
27. Rc1 c4 28. bxc4 b4 29. Bxf6 gxf6 30. Rd1 Rg5 31. Re3 Rxe3 32. fxe3 Ra5 33.
Rd2 Ke6 34. Ke2 Ra3 35. Kf3 Rc3 36. Rd4 c5 37. Re4+ Kf7 38. Rh4 a5 39. Rxh6 a4
40. Rh7+ Ke6 41. Ra7 a3 42. h4 Rxc4 43. h5 Rh4 44. g4 Rh2 45. Ke4 Rxa2 46. Ra6+
Kf7 47. Ra7+ Ke6 48. Ra6+ Ke7 49. h6 c4 50. Kd5 c3 51. Ra7+ Kd8 52. h7 Rh2 53.
Kd6 Ke8 54. Ke6 Kd8 55. Kd6 Kc8 56. Kc6 Kb8 57. Rb7+ Ka8 58. Rf7 Rh6 59. Rf8+
Ka7 60. h8=Q Rxh8 61. Rxh8 c2 62. Rh1 b3 0-1

[Event "2.BLO 1718 SC Erlangen - Nickelhütte A"]
[Site "?"]
[Date "2017.10.23"]
[Round "2.7"]
[White "Cerveny, Martin"]
[Black "Tong, Kevin"]
[Result "1-0"]
[WhiteElo "2381"]
[BlackElo "2140"]
[PlyCount "85"]
[EventDate "2017.??.??"]

1. d4 d5 2. Nf3 Nf6 3. c4 c6 4. e3 Bg4 5. cxd5 Bxf3 6. Qxf3 cxd5 7. Nc3 e6 8.
Bd3 Nc6 9. O-O Bd6 10. Bd2 O-O 11. Qe2 g6 12. Rfd1 Rc8 13. Be1 Nd7 14. f3 Nb6
15. Bf2 Be7 16. Rac1 Bf6 17. Bb1 Qd7 18. Qe1 Rfe8 19. e4 Ne7 20. e5 Bg7 21. Bd3
a6 22. b3 Rc7 23. g4 Nc6 24. Ne2 Qd8 25. h4 f5 26. gxf5 gxf5 27. Be3 Kh8 28.
Kh1 Rg8 29. Bg5 Qe8 30. Qf2 h6 31. Be3 Kh7 32. Rg1 Bh8 33. Nf4 Rxg1+ 34. Rxg1
Rg7 35. h5 Rxg1+ 36. Qxg1 Nd8 37. Qg4 Bg7 38. Nxe6 Nxe6 39. Bxf5+ Kh8 40. Bxe6
Qd8 41. f4 Qc7 42. f5 Qc3 43. f6 1-0

[Event "2.BLO 1718 SC Erlangen - Nickelhütte A"]
[Site "?"]
[Date "2017.10.23"]
[Round "2.8"]
[White "Kornitzky, Tino"]
[Black "Pulpan, Jakub"]
[Result "0-1"]
[WhiteElo "1943"]
[BlackElo "2399"]
[PlyCount "118"]
[EventDate "2017.??.??"]

1. d4 Nf6 2. c4 e6 3. g3 d5 4. Bg2 Bb4+ 5. Bd2 Be7 6. Nf3 O-O 7. O-O c6 8. Qc2
b6 9. Rd1 Nbd7 10. b3 Ba6 11. a4 Rc8 12. a5 c5 13. axb6 Qxb6 14. Ba5 Qb8 15.
Bc3 Bb7 16. dxc5 Nxc5 17. Qa2 Nce4 18. Be5 Qa8 19. Nd4 dxc4 20. Qxa7 Bc5 21.
Qxa8 Rxa8 22. Rxa8 Bxa8 23. Bxe4 Nxe4 24. bxc4 Rd8 25. Rd3 f6 26. Nxe6 Re8 27.
Bd4 Rxe6 28. Bxc5 Nxc5 29. Rd8+ Kf7 30. Rxa8 Rxe2 31. Nc3 Rc2 32. Rc8 Nd3 33.
Ne4 f5 34. Ng5+ Kg6 35. f4 Nf2 36. Rc6+ Kh5 37. Rc7 h6 38. Nf3 g6 39. Ne5 Ng4
40. Nxg4 Kxg4 41. Ra7 Rxc4 42. Ra6 g5 43. fxg5 hxg5 44. Ra2 Kh3 45. Ra5 Rc1+
46. Kf2 Rc2+ 47. Kg1 Rc1+ 48. Kf2 Kxh2 49. Rxf5 Rc2+ 50. Kf1 g4 51. Ra5 Kxg3
52. Ra3+ Kh2 53. Ra4 Rc1+ 54. Ke2 g3 55. Rh4+ Kg1 56. Rg4 g2 57. Rh4 Rc8 58.
Ke1 Re8+ 59. Kd2 Re5 0-1

[Event "2.BLO 1718 SC Forchheim - Bindl AktionÃ"]
[Site "?"]
[Date "2017.10.23"]
[Round "2.1"]
[White "Martin"]
[Black "Jansa, Vlastimil"]
[Result "1-0"]
[WhiteElo "2489"]
[BlackElo "2435"]
[PlyCount "83"]
[EventDate "2017.??.??"]

1. e4 d6 2. f4 g6 3. Nf3 Bg7 4. Be2 c5 5. d3 Nc6 6. O-O e6 7. c3 Nge7 8. Be3
O-O 9. Na3 b6 10. Qe1 f5 11. Qh4 Qd7 12. g4 Bb7 13. Rae1 Rae8 14. Bd1 d5 15.
gxf5 gxf5 16. e5 Ba6 17. c4 Nb4 18. Be2 Nec6 19. Rd1 Nd8 20. Kf2 Qe7 21. Qh5
Qf7 22. Qh3 Re7 23. Rg1 Kh8 24. Rg3 dxc4 25. dxc4 Bb7 26. Ng5 Qg8 27. Qh4 Nf7
28. Ne4 Bxe4 29. Qxe7 Nxe5 30. fxe5 f4 31. Rxg7 Qxg7 32. Qxg7+ Kxg7 33. Rd7+
Kg6 34. Bd2 Kf5 35. Nb5 f3 36. Bf1 Kxe5 37. Bh6 Rf5 38. Nd6 Rh5 39. Bg7+ Kf4
40. Rf7+ Bf5 41. Nxf5 exf5 42. h3 1-0

[Event "2.BLO 1718 SC Forchheim - Bindl AktionÃ"]
[Site "?"]
[Date "2017.10.23"]
[Round "2.2"]
[White "Jirovsky, Milos"]
[Black "Kriebel, Tadeas"]
[Result "1/2-1/2"]
[WhiteElo "2443"]
[BlackElo "2501"]
[PlyCount "58"]
[EventDate "2017.??.??"]

1. c4 Nf6 2. Nf3 c5 3. g3 d5 4. cxd5 Nxd5 5. Bg2 Nc6 6. Nc3 Nc7 7. O-O e5 8. a3
f6 9. d3 Be7 10. Nd2 O-O 11. Nc4 Nd4 12. Rb1 Rb8 13. b4 cxb4 14. axb4 Be6 15.
b5 Nd5 16. Bb2 Nxc3 17. Bxc3 Qd7 18. Bxd4 Qxd4 19. Na5 Qb6 20. Nc4 Qd4 21. Na5
Qd7 22. Qa4 Rfc8 23. Rfc1 Rxc1+ 24. Rxc1 Bd8 25. Nc4 a6 26. Rb1 Rc8 27. Qb4
axb5 28. Qxb5 Qxb5 29. Rxb5 Bxc4 1/2-1/2

[Event "2.BLO 1718 SC Forchheim - Bindl AktionÃ"]
[Site "?"]
[Date "2017.10.23"]
[Round "2.3"]
[White "Neuman, Petr"]
[Black "Rupprecht, Andreas"]
[Result "1-0"]
[WhiteElo "2440"]
[BlackElo "2415"]
[PlyCount "165"]
[EventDate "2017.??.??"]

1. d4 d5 2. c4 dxc4 3. e4 Nc6 4. Be3 Nf6 5. Nc3 e5 6. d5 Nb8 7. f3 Nbd7 8. Bxc4
a6 9. Nge2 b5 10. Bb3 Bc5 11. Qd2 O-O 12. Rc1 Qe7 13. O-O Bb7 14. Ng3 g6 15.
Nd1 Bb4 16. Qe2 Rac8 17. Bg5 c6 18. Ne3 cxd5 19. Bxd5 Rxc1 20. Rxc1 Bxd5 21.
Nxd5 Qd6 22. Nxb4 Qxb4 23. Nf1 Nh5 24. Qd2 Qxd2 25. Nxd2 Nf4 26. Kf1 Re8 27.
Nb3 f5 28. Bxf4 exf4 29. exf5 gxf5 30. Nd4 Re5 31. Ne2 Rd5 32. Ke1 Ne5 33. Rc8+
Kf7 34. Rc7+ Rd7 35. Rxd7+ Nxd7 36. Nxf4 Kf6 37. Nd3 a5 38. Kd2 Nb8 39. Kc3 Nc6
40. a4 bxa4 41. Kc4 Ke6 42. Kc5 Kd7 43. h3 h6 44. h4 Ne7 45. Nf4 Nc8 46. Kb5
Nd6+ 47. Kxa4 Nc4 48. Kb3 Ne3 49. Kc3 Kd6 50. Kd3 Nf1 51. Kd4 Ng3 52. Kc4 Nf1
53. Kd4 Ng3 54. Nd3 Nf1 55. Ne5 Ke6 56. Nc4 Ng3 57. Nxa5 f4 58. Kc5 Nf5 59. h5
Kd7 60. b4 Ng7 61. b5 Nxh5 62. Kd5 Kc7 63. Nc4 Ng3 64. Kc5 Nf5 65. b6+ Kb8 66.
Kb5 Ne3 67. Na5 Nd5 68. Nc6+ Kb7 69. Nd8+ Kc8 70. Ne6 Kb7 71. Nc5+ Kb8 72. Kc6
Nb4+ 73. Kd6 Nc2 74. Kd5 h5 75. Ke4 Ne1 76. Kxf4 Nxg2+ 77. Kg3 Ne3 78. Kh4 Nd5
79. b7 Ne7 80. f4 Ng6+ 81. Kg5 h4 82. Kxg6 h3 83. Ne4 1-0

[Event "2.BLO 1718 SC Forchheim - Bindl AktionÃ"]
[Site "?"]
[Date "2017.10.23"]
[Round "2.4"]
[White "Heidrich, Manfred"]
[Black "Cech, Pavel"]
[Result "1/2-1/2"]
[WhiteElo "2362"]
[BlackElo "2364"]
[PlyCount "37"]
[EventDate "2017.??.??"]

1. f4 Nf6 2. Nf3 g6 3. g3 Bg7 4. Bg2 O-O 5. O-O d5 6. d3 c5 7. Qe1 Nc6 8. e4
dxe4 9. dxe4 Nd4 10. Na3 Nxf3+ 11. Bxf3 Bh3 12. Rf2 Ng4 13. Re2 Qd7 14. Bg2
Bxg2 15. Kxg2 f5 16. e5 Qd5+ 17. Kg1 Qd4+ 18. Kg2 Qd5+ 19. Kg1 1/2-1/2

[Event "2.BLO 1718 SC Forchheim - Bindl AktionÃ"]
[Site "?"]
[Date "2017.10.23"]
[Round "2.5"]
[White "Wall, Gavin"]
[Black "Schulz, Lukas"]
[Result "1-0"]
[WhiteElo "2328"]
[BlackElo "2248"]
[PlyCount "23"]
[EventDate "2017.??.??"]

1. a3 h5 2. a4 h4 3. Nf3 h3 4. c3 c5 5. d4 cxd4 6. Qxd4 Nf6 7. Bg5 e5 8. Qd3
Be7 9. Bxf6 a5 10. Qb5 Bc5 11. Qd3 g5 12. Nxe5 1-0

[Event "2.BLO 1718 SC Forchheim - Bindl AktionÃ"]
[Site "?"]
[Date "2017.10.23"]
[Round "2.6"]
[White "Doeres, Hans-Juergen"]
[Black "Paehtz, Thomas"]
[Result "1/2-1/2"]
[WhiteElo "2196"]
[BlackElo "2366"]
[PlyCount "39"]
[EventDate "2017.??.??"]

1. c4 g6 2. Nc3 Bg7 3. g3 d6 4. Bg2 Nf6 5. Nf3 O-O 6. O-O e5 7. d3 Nc6 8. Rb1
a5 9. a3 Bf5 10. b4 axb4 11. axb4 Qd7 12. b5 Nd8 13. Nd2 Bh3 14. Nd5 Bxg2 15.
Kxg2 Ne6 16. Nb3 Ra2 17. Nc3 Raa8 18. Nd5 Ra2 19. Nc3 Raa8 20. Nd5 1/2-1/2

[Event "2.BLO 1718 SC Forchheim - Bindl AktionÃ"]
[Site "?"]
[Date "2017.10.23"]
[Round "2.7"]
[White "Stips, Felix"]
[Black "Wagner, Robert"]
[Result "1/2-1/2"]
[WhiteElo "2308"]
[BlackElo "2050"]
[PlyCount "39"]
[EventDate "2017.??.??"]

1. b3 e5 2. Bb2 Nc6 3. e3 Nf6 4. Bb5 d6 5. d4 exd4 6. exd4 a6 7. Be2 Be7 8. Nf3
O-O 9. O-O Bf5 10. d5 Ne5 11. Nd4 Bd7 12. c4 Ne4 13. Qc2 Nc5 14. Nc3 a5 15. Nf5
Bf6 16. Ne3 Re8 17. Rad1 Ng6 18. Rfe1 Nf4 19. Bf3 Be5 20. Nf1 1/2-1/2

[Event "2.BLO 1718 SC Forchheim - Bindl AktionÃ"]
[Site "?"]
[Date "2017.10.23"]
[Round "2.8"]
[White "Wichmann, Adrian"]
[Black "Krensing, Jan"]
[Result "1/2-1/2"]
[WhiteElo "2018"]
[BlackElo "2349"]
[PlyCount "63"]
[EventDate "2017.??.??"]

1. e4 c5 2. Nf3 Nc6 3. d4 cxd4 4. Nxd4 g6 5. c4 Nf6 6. Nc3 Nxd4 7. Qxd4 d6 8.
Be2 Bg7 9. Be3 O-O 10. Qd2 Be6 11. f3 Qa5 12. O-O Rfc8 13. b3 a6 14. Rac1 b5
15. Nd5 Qxd2 16. Bxd2 Nxd5 17. cxd5 Bd4+ 18. Kh1 Bd7 19. Bd3 Bc5 20. f4 a5 21.
f5 a4 22. b4 Bd4 23. g4 Bb2 24. Rb1 Bc3 25. Bc1 a3 26. Rb3 Ra4 27. Bxa3 Be5 28.
Bb1 Rc4 29. h3 Kg7 30. Kg2 Be8 31. Rf2 Bd7 32. Rf1 1/2-1/2

[Event "2.BLO 1718 Erfurter SK - SG AE Magdebur"]
[Site "?"]
[Date "2017.10.23"]
[Round "2.1"]
[White "Woellermann, Jan"]
[Black "Braeuer, Franz"]
[Result "1/2-1/2"]
[WhiteElo "2384"]
[BlackElo "2398"]
[PlyCount "71"]
[EventDate "2017.??.??"]

1. d4 Nf6 2. c4 e6 3. Nf3 d5 4. g3 Bb4+ 5. Bd2 Qe7 6. Bg2 O-O 7. O-O c6 8. Qc2
Nbd7 9. Rd1 b6 10. Bf4 Bb7 11. Ne5 Nh5 12. Bd2 Nhf6 13. Bf4 Nh5 14. Bd2 Nhf6
15. cxd5 cxd5 16. Nc6 Bxc6 17. Qxc6 Rac8 18. Qb5 Ne8 19. Qd3 Nd6 20. Na3 Nf6
21. Nb5 Qd7 22. Nxd6 Bxd6 23. e3 Rc7 24. Qb3 Be7 25. a4 Ne4 26. Be1 Nd6 27. Bf1
Nc4 28. Rac1 Rfc8 29. Qa2 Nd6 30. Rxc7 Rxc7 31. Bd3 Qc8 32. Qb1 g6 33. Bd2 Bf8
34. Rc1 Nc4 35. Be1 Bd6 36. b3 {(=)} 1/2-1/2

[Event "2.BLO 1718 Erfurter SK - SG AE Magdebur"]
[Site "?"]
[Date "2017.10.23"]
[Round "2.2"]
[White "Votava, Jan"]
[Black "Paul, Johannes"]
[Result "1-0"]
[WhiteElo "2512"]
[BlackElo "2335"]
[PlyCount "113"]
[EventDate "2017.??.??"]

1. Nf3 Nf6 2. g3 b6 3. Bg2 Bb7 4. O-O e6 5. c4 c5 6. Nc3 Be7 7. d4 cxd4 8. Nxd4
Bxg2 9. Kxg2 Qc8 10. Qa4 O-O 11. Bg5 Qb7+ 12. f3 Rc8 13. e4 d6 14. Bxf6 Bxf6
15. Ndb5 Be7 16. Rad1 Qc6 17. Qa3 Bf8 18. Nxd6 Rd8 19. c5 Nd7 20. b4 bxc5 21.
b5 Qc7 22. Nc4 Nb6 23. Qb3 Rd4 24. Ne3 Rad8 25. Rf2 c4 26. Qb2 Bc5 27. Re2 Rd3
28. Qc1 Qe5 29. Ng4 Qd4 30. Nf2 Rxd1 31. Qxd1 Bb4 32. Qxd4 Rxd4 33. Rc2 Bxc3
34. Rxc3 Rd2 35. Ra3 Rd7 36. Kf1 g5 37. Ke2 Kg7 38. Nd1 Kf6 39. Nb2 Ke5 40. Ke3
Kd6 41. Kd4 e5+ 42. Kc3 Kc5 43. Ra5 h5 44. a4 g4 45. fxg4 hxg4 46. Ra6 Rd4 47.
Rxa7 Rxe4 48. Rc7+ Kd5 49. a5 Re3+ 50. Kd2 Rb3 51. Kc2 Rxb5 52. axb6 Rxb6 53.
Nxc4 Ra6 54. Ne3+ Ke4 55. Nxg4 Ra2+ 56. Kb3 Re2 57. Rxf7 1-0

[Event "2.BLO 1718 Erfurter SK - SG AE Magdebur"]
[Site "?"]
[Date "2017.10.23"]
[Round "2.3"]
[White "Melamed, Tatjana"]
[Black "Haba, Petr"]
[Result "0-1"]
[WhiteElo "2326"]
[BlackElo "2441"]
[PlyCount "54"]
[EventDate "2017.??.??"]

1. e4 e5 2. Nf3 Nc6 3. Bb5 a6 4. Ba4 Nf6 5. O-O Nxe4 6. d4 b5 7. Bb3 d5 8. dxe5
Be6 9. Qe2 Nc5 10. Rd1 Nxb3 11. axb3 Be7 12. c4 b4 13. cxd5 Bxd5 14. Nbd2 Qc8
15. Nc4 Qe6 16. Bg5 O-O 17. Bxe7 Nxe7 18. Nd4 Qg6 19. Ne3 Bb7 20. Rac1 Rac8 21.
Rc5 Rfd8 22. Ndc2 Nc6 23. h3 Qe6 24. Rxd8+ Rxd8 25. Qc4 Qxc4 26. Nxc4 Rd7 27.
Nxb4 Nxb4 0-1

[Event "2.BLO 1718 Erfurter SK - SG AE Magdebur"]
[Site "?"]
[Date "2017.10.23"]
[Round "2.4"]
[White "Enders, Peter"]
[Black "Andre, Gordon"]
[Result "1-0"]
[WhiteElo "2447"]
[BlackElo "2270"]
[PlyCount "77"]
[EventDate "2017.??.??"]

1. b3 c5 2. Bb2 Nf6 3. g3 g6 4. Bg2 Bg7 5. Nf3 O-O 6. O-O d6 7. d4 cxd4 8. Nxd4
d5 9. e3 Bg4 10. Ne2 Nc6 11. h3 Bd7 12. Na3 Qc8 13. Nf4 Rd8 14. g4 Be8 15. Qe2
h5 16. g5 Ne4 17. Bxg7 Kxg7 18. c4 Nxg5 19. cxd5 Nb4 20. Qb2+ Kh6 21. Rac1 Qd7
22. Rc4 Qd6 23. Rfc1 Bd7 24. Nc2 Nxc2 25. R1xc2 Bf5 26. Rc1 Nh7 27. Qd2 Kg7 28.
e4 Bd7 29. Qe3 f6 30. Qg3 g5 31. Nxh5+ Kg6 32. Qxd6 exd6 33. Ng3 Nf8 34. Rc7
Rdc8 35. Bf1 a5 36. Kg2 Rxc7 37. Rxc7 b5 38. Bd3 Kf7 39. Bxb5 1-0

[Event "2.BLO 1718 Erfurter SK - SG AE Magdebur"]
[Site "?"]
[Date "2017.10.23"]
[Round "2.5"]
[White "Schoene, Maria"]
[Black "Mueller, Matthias"]
[Result "1/2-1/2"]
[WhiteElo "2260"]
[BlackElo "2386"]
[PlyCount "28"]
[EventDate "2017.??.??"]

1. e4 e5 2. Nf3 Nc6 3. Bb5 a6 4. Ba4 Nf6 5. O-O b5 6. Bb3 Bc5 7. d3 d6 8. c3 h6
9. a4 Bg4 10. h3 Bd7 11. axb5 axb5 12. Rxa8 Qxa8 13. Na3 Bxa3 14. bxa3 O-O {(=)
} 1/2-1/2